Every one that believeth: (Record no. 5697)

000 -LEADER
fixed length control field 00656nam a2200193 a 4500
001 - CONTROL NUMBER
control field :::00003439$&:&@@
003 - CONTROL NUMBER IDENTIFIER
control field OkBaRHE
005 - DATE AND TIME OF LATEST TRANSACTION
control field 20000607103305.0
008 - FIXED-LENGTH DATA ELEMENTS--GENERAL INFORMATION
fixed length control field s1942 j 000 0 eng u
040 ## - CATALOGING SOURCE
Transcribing agency
100 1# - MAIN ENTRY--PERSONAL NAME
Personal name Ockenga, Harold John, 1905-
245 10 - TITLE STATEMENT
Title Every one that believeth:
Remainder of title expository addresses on St. Paul's epistle to the Romans.
260 ## - PUBLICATION, DISTRIBUTION, ETC. (IMPRINT)
Place of publication, distribution, etc New York, NY., :
Name of publisher, distributor, etc Fleming H. Revell
Date of publication, distribution, etc c1942
300 ## - PHYSICAL DESCRIPTION
Extent 256 p. ;
Dimensions 21 cm.
650 ## - SUBJECT ADDED ENTRY--TOPICAL TERM
Topical term or geographic name as entry element Bible New Testament Romans
General subdivision Sermons
650 ## - SUBJECT ADDED ENTRY--TOPICAL TERM
Topical term or geographic name as entry element Sermons, American
942 ## - ADDED ENTRY ELEMENTS (KOHA)
Source of classification or shelving scheme
Koha item type Books
Copies
Price effective from Barcode Koha item type Date acquired Copy number Full call number Date last seen Lost status Shelving location Withdrawn status Damaged status Permanent Location Not for loan Source of classification or shelving scheme
2010-04-143439Books2010-04-141BS 2665 .O2232018-03-28 General Stacks  RHEMA Bible Training College